00409nam a2200157Ia 450000500170000000800410001708200190005810000200007710000140009724500400011126000420015130000170019365000120021065000160022265000130023820250224010536.0240331s9999 xx 000 0 und d bRAJ22457a922 aRajadurai, S.V  aS. Geetha 0aPeriyar: Suyamariyathai Samatharmam aKovaibVidiyal Publishing Housec1996 axiv, 816 p., aJustice aSelf Esteem aEquality